000 01331cam a2200241 4500
001 7607
005 20181127183949.0
008 950621s1996 ilu b s001 0 eng
010 _a 95032455
020 _a0252022009 (cloth : acidb-sfree paper)
020 _a0252065328 (pbk. : acidb-sfree paper)
082 0 0 _a940
_220
100 1 _aKroes, Rob.
245 1 0 _aIf you've seen one, you've seen the mall :
_bEuropeans and American mass culture /
_cRob Kroes.
260 _aUrbana :
_bUniversity of Illinois Press,
_cc1996.
300 _axiv, 195 p. ;
_c24 cm.
504 _aIncludes bibliographical references (p. 179-189) and index.
505 0 _aAmerican culture in European metaphors : the West as will and conception -- High and low : the quest for cultural standards in America -- Film as a mechanical art : Hollywood in Holland -- Advertising : the world of disjointed attributes -- The fifth freedom and the commodification of civic virtue -- Mediated history : the Vietnam War as a media event -- Breathless : the French nouvelle vague and Hollywood -- Rap : the ultimate staccato culture -- Americanization : what are we talking about.
650 0 _aAmericanization.
650 0 _aPopular culture
_zUnited States.
651 0 _aEurope
_xCivilization
_xAmerican influences.
999 _c6515
_d6515